| 000 -LEADER |
| fixed length control field |
00555 a2200181 4500 |
| 008 - FIXED-LENGTH DATA ELEMENTS--GENERAL INFORMATION |
| fixed length control field |
230621b ||||| |||| 00| 0 eng d |
| 020 ## - INTERNATIONAL STANDARD BOOK NUMBER |
| International Standard Book Number |
9789386649225 |
| Terms of availability |
Rs399.00 |
| 041 0# - LANGUAGE CODE |
| Language code of text/sound track or separate title |
eng |
| 082 00 - DEWEY DECIMAL CLASSIFICATION NUMBER |
| Classification number |
001.42 |
| Item number |
K872 |
| 100 ## - MAIN ENTRY--PERSONAL NAME |
| Personal name |
Kothari, C. R. |
| 245 ## - TITLE STATEMENT |
| Title |
Research Methodology : Methods and Techniques / |
| 250 ## - EDITION STATEMENT |
| Edition statement |
4th ed. |
| 260 ## - PUBLICATION, DISTRIBUTION, ETC. (IMPRINT) |
| Place of publication, distribution, etc |
New Delhi: |
| Name of publisher, distributor, etc |
New Age International (p) ltd., |
| Date of publication, distribution, etc |
2022. |
| 300 ## - PHYSICAL DESCRIPTION |
| Extent |
xxi, 458 p. : |
| Other physical details |
ill. ; |
| Dimensions |
24 cm |
| 650 #0 - SUBJECT ADDED ENTRY--TOPICAL TERM |
| Topical term or geographic name as entry element |
Research Methodology |
| 700 ## - ADDED ENTRY--PERSONAL NAME |
| 9 (RLIN) |
5313 |
| Personal name |
Garg, Gaurav |
| 942 ## - ADDED ENTRY ELEMENTS (KOHA) |
| Source of classification or shelving scheme |
|
| Item type |
Books |